| 000 | 00967cam a22003137a 4500 | ||
|---|---|---|---|
| 003 | CHAP | ||
| 005 | 20220329142652.0 | ||
| 008 | 020905d1999 es a r 00110 spa d | ||
| 010 | _a86250 | ||
| 011 | _a87222 | ||
| 020 | _a8432919713 | ||
| 035 | _a97765 | ||
| 040 | _cCHAP | ||
| 082 | 0 | 4 |
_a635.977 _bJ3 |
| 100 | 0 | 0 |
_aJantra, Helmut. _961068 |
| 245 | 1 | 0 |
_aCómo cultivar arboles y arbustos ornamentales _c/por Helmut Jantra |
| 260 |
_aBarcelona, Esp.: _bCEAC., _c1999. |
||
| 300 |
_a120 p. : _bilus. |
||
| 590 |
_aBATCH-UPD _b10 _c20130110 _lUCH01 _h1217 |
||
| 590 |
_aBATCH-UPD _b10 _c20130410 _lUCH01 _h0754 |
||
| 590 |
_aBATCH-UPD _b10 _c20170620 _lUCH01 _h0913 |
||
| 590 |
_aCONVERSION _b10 _c20130109 _lUCH01 _h1348 |
||
| 650 | 1 | 4 |
_aÁrboles ornamentales. _96693 |
| 650 | 1 | 4 |
_aArbustos _xPropagacion. _96740 |
| 901 | _aBK | ||
| 905 | _aMayto Villallobos S. | ||
| 942 | _cLIBRO | ||
| 949 |
_a635.977 J3 _bBC _cLIBRO _d33724000876058 _eLIBRO _h102965 _i97765 _si _t$225.00 |
||
| 999 |
_c86250 _d86250 |
||